| 000 | 00769nmc a2200253 a 4500 | ||
|---|---|---|---|
| 003 | AR-BaBNM | ||
| 005 | 20251128203210.0 | ||
| 008 | 011101s1986 ||||||||||||||000 | spa|| | ||
| 040 | _cAR-BaBNM | ||
| 100 | 1 | _aCirigliano, Gustavo F.J. | |
| 245 | 1 | 0 | _aPersona, proyecto nacional y sistema educativo |
| 260 |
_aBuenos Aires _bDocencia _c1986 |
||
| 300 | 0 |
_a32 p. _btablas |
|
| 490 | 0 |
_aCongreso pedagógico. Compromiso y creatividad _vv. 3 |
|
| 504 | _aContiene bibliografía en notas: p. 50 | ||
| 650 | 4 | _aFILOSOFIA DE LA EDUCACION | |
| 650 | 4 | _aFINALIDADES DE LA EDUCACION | |
| 650 | 4 | _aORGANIZACION DE LA EDUCACION | |
| 651 | 4 | _aArgentina | |
| 653 | _aSISTEMA EDUCATIVO | ||
| 800 | 1 |
_aGómez de Mier, Eugenio _ecoordinador |
|
| 942 | _cBK | ||
| 998 | _csilvi | ||
| 999 |
_c2346 _d2346 |
||